Top 15 państw produkujących kakao - Statystyki

Ogólne statystyki
  • Ten quiz został rozwiązany 7 630 razy
    1 335 od ostatniego zresetowania
  • Średni wynik to 10 z 15
Statystyki odpowiedzi
Tony kakao Kontynent Państwo % Poprawnych
269 731 Ameryka Brazylia
95%
63 416 Ameryka Kolumbia
86%
340 163 Afryka Nigeria
82%
29 429 Ameryka Meksyk
79%
160 289 Ameryka Peru
79%
26 000 Azja Indie
73%
327 903 Ameryka Ekwador
72%
739 483 Azja Indonezja
71%
800 000 Afryka Ghana
70%
290 000 Afryka Kamerun
63%
2 200 000 Afryka Wybrzeże Kości Słoniowej
62%
38 000 Oceania Papua-Nowa Gwinea
60%
35 000 Afryka Uganda
37%
77 681 Ameryka Dominikana
36%
193 156 Afryka Sierra Leone
35%
Nie znaleziono quizów pasujących do podanych kryteriów
Rozkład punktacji
Procent ludzi z każdym wynikiem
Percentyl według liczby udzielonych odpowiedzi
Twoja historia wyników
Nie rozwiązałeś tego quizu od ostatniego zresetowania